000 00596cam a2200181 i 4500
005 20260121123758.0
008 250721s2002 jo gr 000 0 ara d
082 1 4 _a330.1
_bأ ش ق
100 1 _aالأشقر، أحمد
_eمؤلف.
245 1 2 _aالإقتصاد الكلي /
_cأ.د. أحمد الاشقر.
250 _aالطبعة الاولى.
264 3 1 _aعمان :
_bدار العلمية الدولية،
_c2002.
300 _a392 صفحة.
650 1 7 _aالإقتصاد.
650 1 7 _aالمذاهب الإقتصادية.
942 _2ddc
_cBK
999 _c42951
_d42951